Sports Quiz

Random Sports or Clickable Quiz

Sochi 2014 Nations (Clickable) Quiz Stats

 Plays Quiz not verified by Sporcle

Score 0/94 Timer 10:00
0 Plays Today
% Correct
Austria
88.7%
Australia
85.9%
Belgium
80.8%
Canada
80.1%
Denmark
78%
France
77.3%
China
77.3%
Finland
75.9%
Germany
75.3%
Czech Republic
74.9%
Great Britain
73.5%
Croatia
71.8%
Greece
71.5%
Belarus
71.1%
Hungary
71.1%
Italy
71.1%
Argentina
70.4%
Brazil
70.4%
USA
70.4%
Albania
69.8%
Russia
69.4%
Norway
69.1%
Iceland
68.7%
Ireland
68.4%
Netherlands
67.7%
Japan
67.4%
Switzerland
67%
Bulgaria
66.7%
Sweden
66.7%
Poland
66.3%
New Zealand
66.3%
Bosnia and Herzegovina
65.6%
% Correct
Estonia
65.3%
Romania
65.3%
Spain
65.3%
Chile
64.9%
South Korea
64.9%
Luxembourg
64.3%
Slovakia
64.3%
Azerbaijan
63.6%
Portugal
63.6%
Slovenia
63.2%
Israel
62.9%
Turkey
62.5%
Mexico
62.5%
Andorra
62.2%
Lithuania
62.2%
Liechtenstein
61.5%
Armenia
61.2%
Georgia
61.2%
Latvia
61.2%
Ukraine
58.8%
Serbia
57%
Kazakhstan
56.4%
Jamaica
55.7%
Monaco
54%
Montenegro
53.3%
North Korea
51.9%
Chinese Taipei
51.2%
Macedonia
50.9%
Iran
50.9%
South Africa
49.5%
Colombia
49.1%
Mongolia
49.1%
% Correct
Moldova
48.8%
San Marino
48.8%
Hong Kong
48.8%
Kyrgyzstan
48.8%
Uzbekistan
48.8%
Cyprus
47.8%
Peru
46.7%
Venezuela
43%
British Virgin Islands
43%
Morocco
43%
Pakistan
43%
Algeria
41.9%
Philippines
41.6%
Tajikistan
41.6%
Malta
41.2%
Thailand
41.2%
Bermuda
33.7%
US Virgin Islands
30.2%
Lebanon
27.5%
Bahamas
26.5%
Cayman Islands
26.1%
Kenya
22.7%
Zimbabwe
22.7%
Tonga
22%
Puerto Rico
19.9%
Ethiopia
18.9%
Eritrea
14.4%
Senegal
13.7%
Madagascar
13.4%
Haiti
11.7%

You're not logged in!

Compare scores with friends on all Sporcle quizzes.
OR
Log In

Show Comments

Extras

Top Quizzes Today


Score Distribution

Your Account Isn't Verified!

In order to create a playlist on Sporcle, you need to verify the email address you used during registration. Go to your Sporcle Settings to finish the process.

Report this User

Report this user for behavior that violates our Community Guidelines.

Details: